00683nam a2200217Ia 4500003000900000008004100009040001300050040001300063041000800076100001900084245008400103250000900187260000800196260000900204300001100213300001000224490000600234942000700240999001700247952020100264IT-RoPAU120407s9999 xx 000 0 und d aIT-RoPAU cIT-RoPAU aita aArmando Oberti aNel mondo, per il mondo. Gli istituti secolari ,oggi. A cura di Armando Oberti aRoma aAve c1972 a319 p. c21 cm v1 cBK c32456d32456 00102ddc406267_200000000000000_771aPAULUSbPAULUSd2012-04-11l0o267.2.7r2012-04-11 00:00:00w2012-04-11yBKzInserito da: Marisa In data: 04 ottobre 2011 fondo: Via A.Severo 56 Progr:26997